Neethisaram(നീതിസാരം) (Record no. 114335)

MARC details
000 -LEADER
fixed length control field 00408 a2200145 4500
005 - DATE AND TIME OF LATEST TRANSACTION
control field 20260227145421.0
008 - FIXED-LENGTH DATA ELEMENTS--GENERAL INFORMATION
fixed length control field 251229b |||||||| |||| 00| 0 eng d
080 ## - UNIVERSAL DECIMAL CLASSIFICATION NUMBER
Universal Decimal Classification number 89S-1.09=M
Item number SIV/N
100 ## - MAIN ENTRY--PERSONAL NAME
Personal name Sivanandasaraswathi, Swami
245 ## - TITLE STATEMENT
Title Neethisaram(നീതിസാരം)
260 ## - PUBLICATION, DISTRIBUTION, ETC. (IMPRINT)
Name of publisher, distributor, etc Famous books.
Date of publication, distribution, etc 2021.
Place of publication, distribution, etc Thiruvananthapuram.
300 ## - PHYSICAL DESCRIPTION
Extent 224p.
653 ## - INDEX TERM--UNCONTROLLED
Uncontrolled term Study-Poetry-Sanskrit
942 ## - ADDED ENTRY ELEMENTS (KOHA)
item type Under processing
Holdings
Lost status Source of classification or shelving scheme Not for loan Home library Current library Date acquired Cost, normal purchase price Total Checkouts Full call number Barcode Date last seen Cost, replacement price Price effective from Koha item type Public note
  Universal Decimal Classification Not For Loan University Library University Library 21/02/2025 260.01   89S-1.09 =M SIV/N 00096688 21/02/2025 390.00 21/02/2025 Books Processing
University Library, CUSAT